| 000 | 00645 a2200193 4500 | ||
|---|---|---|---|
| 003 | Nust | ||
| 005 | 20230525113742.0 | ||
| 010 | _a38015121 | ||
| 040 | _cNust | ||
| 082 | _a823, GIB | ||
| 100 |
_aGibbs, Philip, _9112582 |
||
| 245 |
_aAcross the frontiers _cPhilip Gibbs |
||
| 260 |
_aLondon, _bM. Joseph Ltd. _c1938 |
||
| 300 |
_a336 p. _bfront. (port.) _c22cm |
||
| 505 | _aTwenty years after (Page-7),The Cause if Passion (Page-73),The Stricken League (Page-119), The New Germany(Page-173),The Problem of the Jews (Page-263), Illusions and Realities (Page-283). | ||
| 600 |
_aGibbs, Philip, _9112582 |
||
| 650 | _cNovel | ||
| 942 |
_2ddc _cBK |
||
| 999 |
_c186805 _d186805 |
||